Kultúrne centrum 2020

Enregistré dans:
Détails bibliographiques
Auteur principal: Bognerová, Martina (Auteur)
Autres auteurs: Pifko, Henrich (Directeur de thèse)
Format: Manuscrit Livre
Langue:slovaque
Publié: Bratislava 2017
Sujets:
Accès en ligne:http://is.stuba.sk/zp/portal_zp.pl?podrobnosti=128396
Tags: Ajouter un tag
Pas de tags, Soyez le premier à ajouter un tag!

MARC

LEADER 00000ntm a22000003a 4500
001 stuzp63664
003 SK-STU
005 20210210080647.5
007 ta
008 150427s2015----xo-----f-mn---000-0-slo-d
040 |a STU  |b slo 
041 0 |a slo 
100 1 |a Bognerová, Martina  |u 052120  |4 aut  |U FAD Fakulta architektúry  |T FA Ústav ekologickej a experimentálnej architektúry  |X 61916  |U A2120  |Y 393  |7 61916 
242 0 1 |a Cultural center 2020  |y eng 
245 1 0 |a Kultúrne centrum 2020 
260 |c 2017  |a Bratislava 
650 4 |a kultúrne centrum  |2 slo 
650 4 |a kino  |2 slo 
650 4 |a rekonštrukcia  |2 slo 
650 4 |a cinema  |2 eng 
650 4 |a cultural center  |2 eng 
650 4 |a reconstruction  |2 eng 
700 1 |a Pifko, Henrich  |u 052120  |k Z1  |4 ths  |U FAD Fakulta architektúry  |T FA Ústav ekologickej a experimentálnej architektúry  |X 449  |U A2120  |Y 393  |7 A000000449 
856 4 |u http://is.stuba.sk/zp/portal_zp.pl?podrobnosti=128396  |u https://opac.crzp.sk/?fn=detailBiblioForm&sid=E7FF18FD4FFD5019D8FDEE3CC38C